00698nam a22001817a 4500003000900000008004100009040007100050082001800121100002300139245004700162260003500209300002800244440001800272505015100290650003100441650003100472650001300503AR-CdUCM190320b ||||| |||| 00| 0 spa d aMUNICIPALIDAD PROVINCIAL DEL CUSCOcBIBLIOTECA MUNICIPAL DEL CUSCO a338.91 /bL92 aLuchaire, Francois aLa ayuda a los países subdesarrollados / aBarcelona :bOikos-tau,c1967. a126 páginas ;c18 cm. a¿que es?n24 aPorque ayudar a los países subdesarrollados -- Los problemas de la ayuda -- La ayuda de los organismo internacionales -- Ayuda de los estados... aPaíses subdesarrollados. aOrganismo internacionales. aEstados.